| 000 | 00588nam a22001577a 4500 | ||
|---|---|---|---|
| 003 | 0 | ||
| 005 | 20230314134154.0 | ||
| 008 | 230314b xxu||||| |||| 00| 0 eng d | ||
| 050 |
_aRA 790 _b.Or76 2022 |
||
| 245 |
_aMental health literacy as correlates to attitudes toward mental health services and coping strategies of individuals with psychological symptoms in rural areas _cRhea M. Orozco |
||
| 260 |
_aLas Pinas City _bSouthville International School and Colleges _cC2022 |
||
| 300 |
_axiv, 407pp. _c28cm. _fTheses |
||
| 500 | _aMental health. | ||
| 500 | _aLiteracy. | ||
| 942 |
_2lcc _cTH |
||
| 999 |
_c364943 _d364943 |
||